00593cam a22001933a 450000100060000000300060000600500170001200800410002904000150007004200070008505000070009224501150009926000290021450600300024351600200027365300350029383000290032885600420035735236PGUSA20140828083747.0110210s2011||||xxu|||||s|||||000 | eng d aPGUSAbeng adc 4aAE10aEncyclopaedia Britannica, 11th Edition, Volume 9, Slice 5 :bEnglish Historyh[electronic resource] /cVarious bProject Gutenberg,c2011 aPublic domain in the USA. aElectronic text aEncyclopedias and dictionaries 0aProject Gutenbergv3523640uhttp://www.gutenberg.org/ebooks/35236